Datum a čas kvízu
24
Celkem bodů
Celkový počet nahraných bodů na tomto kvízu bez doplňovacích otázek.
2.
Pořadí na kvízu
Konečné umístění týmu na tomto kvízu.
Zaznamenané odpovědi
| # | Otázka | Odpověď | Body | Výsledky |
|---|---|---|---|---|
| 1. | Čtyři plakáty, lákající občany... | 1 | ||
| 2. | Jde o dvě ručně psané stránky,... | 1 | ||
| 3. | Slavný renesanční malíř zachyt... | 1 | ||
| 4. | Mladoboleslavská společnost Šk... | 1 | ||
| 5. | Hokejový klub, který zatím nem... | 0 | ||
| 6. | Ve kterém severoevropském přís... | 0 | ||
| 7. | Jaltská konference byla jedním... | 0 | ||
| 8. | V severoirském přístavním měst... | 0 | ||
| 9. | Jak se jmenuje černohorské pří... | 0 | ||
| 10. | V přístavním italském městě Sa... | 0 |